00309nam a22000857a 4500100003200000245013100032260002600163300000700189650002700196 aWeerasinghe,Sachith Rangika aPreliminary study of the Graduateship Programme in Chemistry of the College of Chemical Sciences Institiute of Chemisty Ceylon aColombobIchemcc2007 a88 aGraduateship Programme